Анжелика в любви. Искушение Анжелики: романы: пер. фр.

التفاصيل البيبلوغرافية
المؤلف الرئيسي: Голон А. Анна
مؤلفون آخرون: Голон С. Серж
الملخص:Исключено из фонда НТБ ТПУ
اللغة:الروسية
منشور في: Харьков, Прапор, 1991
التنسيق: MixedMaterials كتاب
KOHA link:https://koha.lib.tpu.ru/cgi-bin/koha/opac-detail.pl?biblionumber=82341

MARC

LEADER 00000nam0a2200000 4500
001 82341
005 20231031095640.0
010 |a 5776604176 
035 |a (RuTPU)RU\TPU\book\88487 
035 |a RU\TPU\book\59682 
090 |a 82341 
100 |a 20051003d1990 m y0rusy50 ca 
101 1 |a rus  |c fre 
102 |a UA 
105 |a y z 000ay 
200 1 |a Анжелика в любви. Искушение Анжелики  |e романы: пер. фр.  |f А. Голон, С. Голон 
210 |a Харьков  |c Прапор  |d 1991 
215 |a 540 с. 
333 |a Исключено из фонда НТБ ТПУ 
675 |a 84  |v 3 
700 1 |a Голон  |b А.  |g Анна 
701 1 |a Голон  |b С.  |g Серж 
801 1 |a RU  |b 63413507  |c 20031010  |g PSBO 
801 2 |a RU  |b 63413507  |c 20211222  |g PSBO 
942 |c BK